000 00715nam a22002297a 4500
003 OSt
005 20140310181917.0
008 130717t xxu||||| |||| 00| 0 eng d
020 _a070339171
050 _aPE 1145.2
_b.K87 1972
082 _aTR 372.632
_bK84 1972
100 _aKottmeyer, William
_91167
245 _aBasic goals in spelling /
_cWilliam Kottmeyer
260 _aNew York :
_bWebster Division, McGraw-Hill Book Company,
_cc1972.
300 _a156 p. :
_bcol. ill. ;
_c28 cm.
521 _aFaculty
541 _j1
562 _e1
650 _aEnglish language
_xOrthography and spelling.
_91168
650 _aEnglish language
_xStudy and teaching.
_91169
942 _2lcc
_cBK-TR
_kTR
999 _c6826
_d6826